000 00580nam a22002177a 4500
005 20170124110106.0
010 _aA-825756
020 _c00.00
_a0263786242
035 _aA-825756
037 _bCen Lib/Ret
040 _aDPL
_bEN
082 _aS
_bCAR
100 _aCartwright, Jenny
_928199
245 _aForsaking all reason /
_cby Jenny Cartwright
260 _bMills & Boon
_c1994
_aGreat Britain
270 _bGreat Britain
300 _a186p.
_c16cm(Hb)
650 _aliterature - stories
_976234
650 _aEnglish stories
_926733
942 _2ddc
_cEN
_hS
_mCAR
999 _c130073
_d130073